000 01496cam a22003614a 4500
001 13603297
003 OSt
005 20140310182729.0
008 040524s2005 nyu b 001 0 eng
010 _a 2004052815
020 _a9780345442314
040 _aDLC
_cDLC
_dDLC
042 _apcc
050 0 0 _aRC 394.A85
_b.H349 2006
100 1 _aHallowell, Edward M.
245 1 0 _aDelivered from distraction :
_bgetting the most out of life with attention deficit disorder /
_cEdward M. Hallowell, John J. Ratey.
250 _a1st ed.
260 _aNew York :
_bBallantine Books,
_cc2005.
300 _axxxiii, 380 p. ;
_c25 cm.
504 _aIncludes bibliographical references (p. 351-353) and index.
526 _c1210L to 1700L
562 _eFor Circulation. 1 copy in the Collection
650 0 _aAttention-deficit hyperactivity disorder
_vPopular works.
650 0 _aAttention-deficit disorder in adults
_vPopular works.
700 1 _aRatey, John J.,
_d1948-
856 4 2 _3Contributor biographical information
_uhttp://www.loc.gov/catdir/bios/random056/2004052815.html
856 4 1 _3Sample text
_uhttp://www.loc.gov/catdir/samples/random051/2004052815.html
856 4 2 _3Publisher description
_uhttp://www.loc.gov/catdir/description/random051/2004052815.html
906 _a7
_bcbc
_corignew
_d1
_eocip
_f20
_gy-gencatlg
942 _2lcc
_cBK
999 _c15435
_d15435